Estudio experimental de la interacción de anillos de vorticidad en una topología tridimensional

Realiza un estudio experimental de la interacción de anillos de vorticidad en una topología tridimensional.

Wedi'i Gadw mewn:
Manylion Llyfryddiaeth
Prif Awdur: Arévalo González, Gabriel Adolfo
Awdur Corfforaethol: e-libro, Corp
Awduron Eraill: Hernández Pellier, Rodrigo (Cyfarwyddwr)
Fformat: eLyfr
Iaith:Sbaeneg
Cyhoeddwyd: Santiago : Universidad de Chile, 2010.
Pynciau:
Mynediad Ar-lein:https://elibro.unach.elogim.com/es/lc/unach/titulos/86942
Tagiau: Ychwanegu Tag
Dim Tagiau, Byddwch y cyntaf i dagio'r cofnod hwn!

MARC

LEADER 00000nam a2200000 a 4500
001 ELB86942
003 FlNmELB
006 m o d |
007 cr cn|||||||||
008 201201r2010 cl |||||s|||||||||||spa d
024 8 |z 720120908 
035 |a (MiAaPQ)EBC3202877 
035 |a (Au-PeEL)EBL3202877 
035 |a (CaPaEBR)ebr10623471 
035 |a (OCoLC)929383483 
040 |a FlNmELB  |b spa  |c FlNmELB 
050 4 |a R5  |b A795 2010 
080 |a 61 
082 0 4 |a 610  |2 22 
100 1 |a Arévalo González, Gabriel Adolfo. 
245 1 0 |a Estudio experimental de la interacción de anillos de vorticidad en una topología tridimensional  |h [recurso electronico]  |c Gabriel Adolfo Arévalo González. 
260 |a Santiago :  |b Universidad de Chile,  |c 2010. 
300 |a 142 p. 
500 |a Tesis (doctorado)- Universidad de Chile. 
520 |a Realiza un estudio experimental de la interacción de anillos de vorticidad en una topología tridimensional. 
533 |a Recurso electrónico. Santa Fe, Arg.: e-libro, 2015. Disponible vía World Wide Web. El acceso puede estar limitado para las bibliotecas afiliadas a e-libro. 
650 4 |a Technology.  |x General. 
650 4 |a Tecnología.  |x General. 
650 4 |a Technology.  |x Engineering.  |x Mechanical. 
650 4 |a Tecnología.  |x Ingeniería.  |x Mecánica. 
655 4 |a Libros electrónicos. 
700 1 |a Hernández Pellier, Rodrigo.  |4 drt 
710 2 |a e-libro, Corp. 
856 4 0 |u https://elibro.unach.elogim.com/es/lc/unach/titulos/86942